000
00194 a2200097 4500
020
_a
9789561311404
041
_a
spa
100
_a
Dumas, Alejandro
245
_a
Los Tres Mosqueteros
942
_c
BK
999
_c
28565
_d
28565